Responses for Show #5261 - Monday, June 25, 2007

Contestants

[<< previous game]

Katy Clarke, a stay-at-home mom from The Woodlands, Texas

Tony Suffoletta, a mail carrier from Brookfield, Wisconsin

Matt Corcoran, an administrative assistant from Philadelphia, Pennsylvania (whose 1-day cash winnings total $25,000)

[next game >>]

Jeopardy! Round responses

POLITICAL DIVISIONS
MAJOR LEAGUE BASEBALL
ANAGRAMMED FOOD & DRINK
JOBS
KENYA FEEL THE LOVE
"TWO" NIGHT
    $200 21
a district

Tony
    $200 2
Pete Rose

Katy
    $200 14
ice cream

Matt
    $200 11
the Surgeon

Katy
    $200 26
cattle

Tony
    $200 1
two-by-fours

Katy
    $400 22
provinces

Matt
    $400 3
a strikeout

Matt
    $400 15
potato

Katy
    $400 12
stokers

Triple Stumper
    $400 27
Kilimanjaro

Katy
    $400 4
two, if by sea

Tony
    $600 23
parishes

Katy
    $600 5
the Yankees

Katy
    $600 16
meatloaf

Katy
    $600 13
(Tony: What is a--advertising agent?)
(Katy: Uh, what is a, uh, tobacco--)
(Alex: No.)
(Katy: --uh, company?)
...
(Alex: William Morris was an agent, but not an advertising agent.)

a talent agent

TonyKaty
Triple Stumper
    $600 28
Lake Victoria

Katy
    $600 8
kill two birds

Matt
    $800 24
quarters (or quartiers)

Triple Stumper
    $800 6
Washington, D.C.

Katy
    $800 17
vermouth

Katy
    $800 19
(Katy: What is a lecturer?)

Assistant Professor

Katy
Triple Stumper
    $1,200 29
Swahili

Katy
    $800 9
the two-minute warning

Katy
    $1000 25
(Tony: What is a canton?)

states

Tony
Triple Stumper
    $1000 7
Cy Young

Matt
    $1000 18
pheasant

Matt
    $1000 20
a solicitor

Triple Stumper
    $1000 30
(Matt: Who is Magellan?)

(Vasco) da Gama

MattTony
    $1000 10
Two Gentlemen of Verona

Matt

Scores at the first commercial break (after clue 15):

Matt Tony Katy
$3,200 -$200 $2,600

Scores at the end of the Jeopardy! Round:

Matt Tony Katy
$3,600 $200 $6,000

Double Jeopardy! Round responses

LITERARY HORSIES
VOICES, I HEAR VOICES...
MEN O' WAR
ANGLOPHILIA
CLASSICAL MUSIC
HAVE A "MENT"
    $400 11
Gulliver

Matt
    $400 16
Mike Myers

Matt
    $400 1
Richard I

Matt
    $400 18
the BBC

Tony
    $400 26
an opera

Triple Stumper
    $400 2
Atonement

Katy
    $800 12
Laura Ingalls Wilder

Katy
    $800 17
William Shatner

Tony
    $800 7
(Matt: Who is Perry?)
(Alex: More specific?)
(Matt: Who is Robert Perry?)

Oliver Hazard Perry

MattTony
    $800 19
the British Navy

Tony
    $800 27
(Tony: What is a harpsichord?)
...
(Alex: Bach wrote a lot of work for [*].)

the organ

Tony
Triple Stumper
    $800 3
pigment

Matt
    $1200 13
Pretty Horses

Matt
    $1200 21
Casey Kasem

Matt
    $1200 8
(Katy: Who is Zachary Taylor?)

William Henry Harrison

TonyKaty
    $1200 20
(Samuel) Pepys

Matt
    $1200 28
quartet

Matt
    $1200 4
lament

Matt
    $2,000 14
Boxer

Matt
    $1600 22
The Rugrats

Matt
    $1600 9
MacArthur

Tony
    $1600 24
(Alex: [*] is right, from Robert Peel.)

a peeler

Tony
    $1600 29
Robert Schumann

Triple Stumper
    $1600 5
(Matt: What is enchantment?)

merriment

Matt
Triple Stumper
    $2000 15
(Tony: What is, uh, War and Peace?)
(Alex: You were in the right country, but it was [*]. Count Vronsky.)

Anna Karenina

Tony
Triple Stumper
    $2000 23
Futurama

Matt
    $2000 10
Montgomery (of Alamein)

Tony
    $2000 25
Bath

Katy
    $800 30
Strings

Matt
    $2000 6
(Matt: What is rainment?

raiment

MattTony

Scores at the end of the Double Jeopardy! Round:

Matt Tony Katy
$13,600 $8,600 $8,000

[wagering suggestions for these scores]

Final Jeopardy! Round responses

RELIGION IN AMERICA
(Alex: No, it's [*]. [*]. The five fundamentals.)
KatyWhat is Methodist?
$8,000
TonyWhat is Pentacostal?
$8,600
MattWhat is Methodism?
$4,650
Fundamentalism

Final scores:

Matt Tony Katy
$8,950 $0 $0
2-day champion: $33,950 2nd place: $2,000 3rd place: $1,000

Game dynamics:

Coryat scores:

Matt Tony Katy
$14,400 $8,600 $7,600
20 R
(including 2 DDs),
4 W
13 R,
4 W
16 R
(including 1 DD),
3 W

Combined Coryat: $30,600

[game clues] [game scores] [suggest correction]

Game tape date: 2007-03-07
The J! Archive is created by fans, for fans. Scraping, republication, monetization, and malicious use prohibited; this site may use cookies and collect identifying information. See terms. The Jeopardy! game show and all elements thereof, including but not limited to copyright and trademark thereto, are the property of Jeopardy Productions, Inc. and are protected under law. This website is not affiliated with, sponsored by, or operated by Jeopardy Productions, Inc. Join the discussion at JBoard.tv.